[Event "GER AM02-A email"]
[Site "GER email"]
[Date "2016.06.26"]
[Round "?"]
[White "Vlasveld, W Martin"]
[Black "Habermehl, Tobias"]
[Result "1/2-1/2"]
[WhiteElo "2508"]
[BlackElo "2476"]
[PlyCount "96"]
[EventDate "2016.??.??"]
[EventType "tourn (corr)"]
[EventRounds "14"]
[EventCountry "GER"]
[SourceTitle "Corr 2017"]
[Source "ChessBase"]
[SourceDate "2017.09.19"]
[SourceVersion "1"]
[SourceVersionDate "2017.09.19"]
[SourceQuality "1"]

1. e4 c5 2. Nf3 d6 3. d4 cxd4 4. Nxd4 Nf6 5. Nc3 a6 6. Be3 e6 7. Be2 Qc7 8. Qd2 b5 9. f3 Nbd7 10. a3 Ne5 11. 0-0-0 Be7 12. g4 Nc4 13. Bxc4 bxc4 14. g5 Nh5 15. Kb1 Rb8 16. Ka1 0-0 17. f4 g6 18. Rhe1 Bd7 19. Nde2 Rb7 20. Rb1 Rfb8 21. Ng3 Ng7 22. h4 Bf8 23. h5 Nxh5 24. Nxh5 gxh5 25. Bd4 Qa5 26. Bf6 d5 27. Qc1 dxe4 28. Rxe4 Bd6 29. Rxc4 e5 30. Bxe5 Bxe5 31. fxe5 Be6 32. Rd4 h4 33. b4 Qxe5 34. Qd2 a5 35. Re1 Qg3 36. b5 Rd7 37. Rxd7 Bxd7 38. a4 Bf5 39. Kb2 Qg4 40. Qd6 Rc8 41. b6 Qc4 42. Re3 Be4 43. Qe7 Bc6 44. Rd3 h3 45. Rd8+ Rxd8 46. Qxd8+ Kg7 47. Qf6+ Kg8 48. Qd8+ Kg7 1/2-1/2